| 000 | 00354 a2200157 4500 | ||
|---|---|---|---|
| 001 | 65703 | ||
| 020 | _a0521329442 | ||
| 040 | _cAnchieta - Pituba | ||
| 100 | _aUr, Penny | ||
| 240 | 1 | 0 |
_aGrammar practice activities _leng |
| 245 | 1 | 0 | _aGrammar practice activities |
| 300 | _a288 | ||
| 362 | 0 | _a1988 | |
| 650 | 4 | _aInglês e inglês antigo | |
| 942 | _cBK | ||
| 999 |
_c65703 _d65703 |
||